00625nam a2200181Ia 4500003000900000005001700009008004100026040003100067040001300098041000800111100003600119245005500155250000600210260003800216300001800254500002000272520015100292IT-RoPAU20220918175650.0120407s9999 xx 000 0 und d aIT-RoPAUc20140510111015.0 cIT-RoPAU aita aPie Discepole del Divin Maestro aCostituzioni delle Pie Discepole del Divin Maestro a  c1947aRomabCasa Generalizia PDDM a105 p.c21 cm aUso mansocritto aIndice Parte prima - Fine e membri della Congregazione Parte seconda - Vita e opere della Congregazione Parte terza - Governo della Congregazione